La nouvelle Babylone ou Le systeme de l'Europe pendant l'Election de l'Empereur Charles VII.

Hlavní autor: Thiriot, 18. stol.
Další autoři: Karel VII. Albrecht, římskoněmecký císař, 1697-1745
Jazyk: Francouzština
Vydáno: Amsterdam : Jean Houysteen, 1743
Témata:
Fyzický popis: 206 s. ; 8°
Knihy
Uloženo v:
LEADER 01095nam a22003137a 4500
001 mzk03001174114
003 CZ BrMZK
005 20120119100344.0
007 ta
008 120119s1743 ne fr|||||00| ||freod
040 |a BOA001  |b cze  |c BOA001 
072 7 |a 094  |x Staré tisky  |2 Konspekt  |9 12 
080 |a (0.068)094  |2 MRF 
100 1 |a Thiriot,  |d 18. stol.  |4 aut 
245 1 3 |a La nouvelle Babylone ou Le systeme de l'Europe pendant l'Election de l'Empereur Charles VII. 
260 |a Amsterdam :  |b Jean Houysteen,  |c 1743 
300 |a 206 s. ;  |c 8° 
510 3 |a GBV (Gemeinsamer Bibliotheksverbund) 
655 7 |a staré tisky  |7 fd422076  |2 czenas 
700 0 |a Karel  |b VII. Albrecht,  |c římskoněmecký císař,  |d 1697-1745  |7 jn20000700860  |4 hnr 
903 |a RP 
910 |a ZNE450  |b ZD-13.VII.35 
978 |b Houysteen, Jean  |a Amsterdam  |c 1743 
984 |a Amsterdam  |b Nizozemsko 
985 |a 1701-1750 
990 |a BK 
991 |k znojmo 
980 |g ZD-13.VII.35  |1 461030003359 
996 6 |b 461030003359  |c ZD-13.VII.35  |l stud. ST  |r Sklad / do násl. otevíracího dne  |n 0  |w 001742680  |u 000010  |a 1  |e BOA001  |s P